Central Library OPAC University of Rajshahi

Environmental issues and challenges / (Record no. 60110)

MARC details
000 -LEADER
fixed length control field 00759nam a2200253 a 4500
001 - CONTROL NUMBER
control field 60110
003 - CONTROL NUMBER IDENTIFIER
rucl marc code BD-RjUL
005 - DATE AND TIME OF LATEST TRANSACTION
control field 20211209080814.0
008 - FIXED-LENGTH DATA ELEMENTS--GENERAL INFORMATION
fixed length control field 161228s2005 ii ab b 001 0 eng d
020 ## - INTERNATIONAL STANDARD BOOK NUMBER
International Standard Book Number 817648797X
035 ## - SYSTEM CONTROL NUMBER
System control number (BD-RjUL)60234
040 ## - CATALOGING SOURCE
Original cataloging agency INU
Transcribing agency INU
Modifying agency OSU
-- BD-RjUL
Language of cataloging eng
041 ## - LANGUAGE CODE
Language code of text/sound track or separate title eng
082 04 - DEWEY DECIMAL CLASSIFICATION NUMBER
Classification number 363.7
Edition number 23
Author mark and year DUE 2005
100 1# - MAIN ENTRY--PERSONAL NAME
Personal name Dutta, Abhijit
9 (RLIN) 178913
245 10 - TITLE STATEMENT
Title Environmental issues and challenges /
Statement of responsibility, etc. Abhijit Dutta, Sunita Dutta and P. N. Pandey
260 ## - PUBLICATION, DISTRIBUTION, ETC. (IMPRINT)
Place of publication, distribution, etc. New Delhi :
Name of publisher, distributor, etc. A.P.H.Publishing Corrporation,
Date of publication, distribution, etc. 2005
300 ## - PHYSICAL DESCRIPTION
Pagination vi, 351 p. ;
Size 23 cm.
500 ## - GENERAL NOTE
General note Includes index.
650 ## - SUBJECT ADDED ENTRY--TOPICAL TERM
Topical term or geographic name as entry element Environmental Protection
9 (RLIN) 178914
700 ## - ADDED ENTRY--PERSONAL NAME
Personal name Dutta, Sunita
Personal name Pandey, P. N.
942 ## - ADDED ENTRY ELEMENTS (KOHA)
Source of classification or shelving scheme Dewey Decimal Classification
Koha item type Books
Holdings
Lost status Source of classification or shelving scheme Damaged status Not for loan Collection code Permanent Location Current Location Shelving location Date acquired Source of acquisition Cost, normal purchase price Total Checkouts Full call number Date last seen Copy number Koha item type
  Dewey Decimal Classification   Not For Loan Non-fiction Central Library, University of Rajshahi Central Library, University of Rajshahi Reading Room 23/02/2008 Paragon Enterprise Ltd.Dhaka. 895.00   363.7 DUE 2005 28/12/2016 C-1 Books